Diccionario de la Lengua Española. (Registro nro. 2111)

Detalles MARC
000 -LEADER
fixed length control field 00685nam a2200193 a 4500
005 - FECHA ULTIMA MODIFICACION
control field 20240502104141.0
008 - CAMPO DE CONTROL (LIBRO)
fixed length control field 141120t2014||||sp g |||| 000 0 spa d
020 ## - INTERNATIONAL STANDARD BOOK NUMBER
ISBN 9789508522733
041 ## - CODIGO DE IDIOMA
Código de idioma del texto/pista de sonido o título separado spa
092 ## - SIGNATURA TOPOGRAFICA DEWEY LOCAL
número de clasificación 403
libristica 16
sección DIC
110 1# - ENTRADA PRINCIPAL-AUTOR CORPORATIVO
Nombre de la institución, jurisdicción como entrada principal Real Academia Española
9 (RLIN) 3677
245 ## - TITULO PROPIAMENTE DICHO
Título Diccionario de la Lengua Española.
Subtítulo y Título paralelo T.2 (h-z) /
Mención de responsabilidad y remanente de la transcripción de la portada Real Academia Española.
250 ## - MENCION DE EDICION
Mención de edición 23a ed.
260 ## - PIE DE IMPRENTA
Lugar de publicación, distribución, etc Buenos Aires:
Nombre de la editorial, distribuidor, etc Real Academia Española ; Espasa;
Fecha de publicación 2014.
300 ## - DESCRIPCION FISICA
Extension 1149- 2312 p.
500 ## - NOTA GENERAL
Nota general Real Academia Española. (2014). Diccionario de la Lengua Española. T.2 H-Z (23a ed.). Buenos Aires : Real Academia Española ; Espasa.
653 ## - TÉRMINO INDIZADO - PALABRAS CLAVES
Palabra clave Diccionario
942 ## - ADDED ENTRY ELEMENTS (KOHA)
Source of classification or shelving scheme Dewey Decimal Classification
Item type Libros
Existencias
Estado de retiro Existencia Fuente de clasificación Estado general No para prestamo Ubicación permanente ubicación actual Sala de ubicación Fecha de adquisición Fuente de adquisición Costo, precio normal de compra Total Checkouts Número de clasificación Código de barras Date last seen Número de ejemplar Price effective from Koha tipo de elemento (item) Public note
    Dewey Decimal Classification     Biblioteca Medicina Biblioteca Medicina Circulación 20/11/2014 COMPRA PROMED 3er AÑO, NOVIEMBRE 2014 798.00   403 16 DIC 3396 20/11/2014 Ej.2 20/11/2014 Libros COMPRA PROMED 3er AÑO, NOVIEMBRE 2014

UNIVERSIDAD NACIONAL DEL COMAHUE
Biblioteca de la Facultad de Ciencias Médicas
Sede Toschi: Los Arrayanes y Av. Toschi, Cipolletti  - Rio Negro
Sede Los Tordos:  Yrigoyen al 2211, Cipolletti - Rio Negro 

Teléfono: 0299 - 4774707 int 25
Contacto: biblioteca@facimed.uncoma.edu.ar
© 2011 - 2026